High Level Abstraction Layer for Development and Deployment of Cloud Services
Guardado en:
| Autor principal: | |
|---|---|
| Otros Autores: | |
| Formato: | Manuscrito Libro |
| Lenguaje: | inglés |
| Publicado: |
Bratislava :
STU v Bratislave FIIT,
2013
|
| Materias: | |
| Acceso en línea: | VAIS |
| Etiquetas: |
Sin Etiquetas, Sea el primero en etiquetar este registro!
|
MARC
| LEADER | 00000ntm a22000003a 4500 | ||
|---|---|---|---|
| 001 | stu275711 | ||
| 005 | 20180423134156.4 | ||
| 008 | 131005s2013----xo------------------eng-d | ||
| 040 | |a STU |b slo | ||
| 041 | 0 | |a eng | |
| 044 | |a xo | ||
| 100 | 1 | |a Nguyen, Binh Minh, |d 1984- |4 aut |u I |T FIIT Fakulta informatiky a informačných technológií |X 61877 |U I |Y 70 |7 A000061877 | |
| 242 | 0 | 0 | |a Vysokoúrovňová abstraktná Vrstva pre vývoj a nasadenie Cloudových služieb |y slo |
| 245 | 1 | |a High Level Abstraction Layer for Development and Deployment of Cloud Services | |
| 260 | |a Bratislava : |b STU v Bratislave FIIT, |c 2013 | ||
| 650 | 7 | |a interoperability |2 estusub | |
| 650 | 7 | |a interoperabilita |2 stusub | |
| 700 | 1 | |a Hluchý, Ladislav, |d 1951- |4 ths |X 55490 |7 A000055490 | |
| 856 | 4 | |a info a plný text |u http://is.stuba.sk/zp/portal_zp.pl?podrobnosti=64872 |3 VAIS | |